| 000 | 00841cam a2200181 4500 | ||
|---|---|---|---|
| 001 | WB3530-29 | ||
| 008 | 000000n1999 000 0 eng u | ||
| 035 | _a(Sirsi) u102083 | ||
| 245 | _aE-bids make their mark. | ||
| 260 | _c1999 | ||
| 490 |
_aFinancial Times _v31 July 1999, XV(1) |
||
| 520 | _aDiscusses the sale of property over the internet, including internet auctions and a system used by Nerex which allows vendors to prepare their own data for a catalogue and then take e-mailed bids by prospective purchasers. The main advantage of the internet is seen as the ability to reach a larger number of bidders, thus obtaining a better price for the vendor. | ||
| 650 | _aINTERNET | ||
| 650 |
_aAuctioneering _96218 |
||
| 650 | _aELECTRONIC COMMERCE | ||
| 690 | _aMANAGEMENT-BUSINESS MANAGEMENT-INFORMATION MANAGEMENT | ||
| 942 | _n0 | ||
| 999 |
_c61175 _d61175 |
||